000 01147nam a22002897a 4500
001 13091
003 HDC
007 cr bn ---
008 210212 my |0 eneng
040 _aHDC
110 _aMinistry of International Trade and Industry Malaysia
245 0 _aMALAYSIA INTERNATIONAL TRADE AND INDUSTRY REPORT 2007
260 _aMalaysia :
_bMinistry of International Trade and Industry Malaysia,
_c2008
300 _a328 pages
336 _atext
_2rdacontent
337 _acomputer
_2rdamedia
338 _aonline resource
_2rdacarrier
650 _aGlobal Trade
_99115
650 _aInternational trade
_zMalaysia
_92772
650 _amanufacturing sector
_96923
650 _aTrade industry
_96708
856 _zRequest full-text at [email protected]
856 _zRequest full-text at [email protected]
942 _2lcc
942 _cEBOOK
942 _kEBOK 002061
999 _c10407
_d10407